000 00281nam a22001337a 4500
008 180221b xxu||||| |||| 00| 0 eng d
020 _a9780065004106
041 _aeng
080 _24th
_a574
100 _a9
101 _aMJE
245 _aEcology
_cKrebs,C.J
942 _2udc
_cBK
999 _c43088
_d43088